[Event "13th Poti Nana Aleksandria Cup"]
[Site "Poti"]
[Date "2018.07.19"]
[Round "8"]
[White "Hayrapetyan, Hovik"]
[Black "Matevosyan, Sedrak"]
[Result "1-0"]
[WhiteElo "2453"]
[BlackElo "2161"]
[Annotator "RC"]
[PlyCount "119"]
[EventDate "2018.07.13"]
[EventType "swiss"]
[EventCountry "GEO"]
[SourceTitle "playchess.com"]
[Source "ChessBase"]
[SourceQuality "1"]
[TimeControl "40/5400+30:1800+30"]

1. Nf3 {[%emt 0:05:57]} Nf6 {[%emt 0:00:00]} 2. c4 {[%emt 0:00:25]} e6 {[%emt 0:00:00]} 3. g3 {[%emt 0:00:34]} b6 {[%emt 0:00:22]} 4. Bg2 {[%emt 0:00:07]} Bb7 {[%emt 0:00:04]} 5. O-O {[%emt 0:00:25]} c5 {[%emt 0:00:26]} 6. Nc3 {[%emt 0:01:00]} a6 {[%emt 0:00:58]} 7. b3 {[%emt 0:04:58]} d6 {[%emt 0:00:35]} 8. d4 {[%emt 0:03:04]} cxd4 {[%emt 0:00:25]} 9. Qxd4 {[%emt 0:00:16]} Nbd7 {[%emt 0:00:17]} 10. Bb2 {[%emt 0:00:36]} Be7 {[%emt 0:00:48]} 11. Rad1 {[%emt 0:16:26]} O-O {[%emt 0:14:00]} 12. Ba3 {[%emt 0:22:50]} Nc5 {[%emt 0:02:58]} 13. Bxc5 {[%emt 0:04:43]} bxc5 {[%emt 0:04:05]} 14. Qf4 {[%emt 0:01:45]} Qa5 {[%emt 0:06:55]} 15. Rd3 {[%emt 0:03:50]} Rad8 {[%emt 0:13:17]} 16. Rfd1 {[%emt 0:02:47]} Qb4 {[%emt 0:15:33]} 17. Ng5 {[%emt 0:05:05]} d5 {[%emt 0:11:08]} 18. cxd5 {[%emt 0:02:32]} exd5 {[%emt 0:01:32]} 19. Nxd5 {[%emt 0:09:45]} Nxd5 {[%emt 0:02:03]} 20. Bxd5 {[%emt 0:00:39]} Bxd5 {[%emt 0:00:32]} 21. Rxd5 {[%emt 0:00:28]} Rxd5 {[%emt 0:01:26]} 22. Rxd5 {[%emt 0:00:01]} Qe1+ {[%emt 0:00:29]} 23. Kg2 {[%emt 0:00:00]} Bxg5 {[%emt 0:00:51]} 24. Rxg5 {[%emt 0:04:55]} Qxe2 {[%emt 0:03:35]} 25. Qe5 {[%emt 0:02:10]} Qxe5 {[%emt 0:00:36]} 26. Rxe5 {[%emt 0:00:02]} Rc8 {[%emt 0:01:37]} 27. Kf3 {[%emt 0:00:05]} f6 {[%emt 0:15:06]} 28. Re4 {[%emt 0:00:09]} Rd8 {[%emt 0:00:51]} 29. Ra4 {[%emt 0:01:30]} Rd6 {[%emt 0:00:07]} 30. Ra5 {[%emt 0:02:18]} Rc6 {[%emt 0:00:28]} 31. Ke3 {[%emt 0:00:17]} c4 {[%emt 0:01:57]} 32. b4 {[%emt 0:00:57]} Rd6 {[%emt 0:00:39]} 33. Ke2 {[%emt 0:02:54]} Kf7 {[%emt 0:02:04]} 34. Rc5 {[%emt 0:01:05]} Rd4 {[%emt 0:00:07]} 35. Rc6 {[%emt 0:00:39]} a5 {[%emt 0:00:58]} 36. bxa5 {[%emt 0:01:39]} c3 {[%emt 0:00:31]} 37. Rxc3 {[%emt 0:00:15]} Ra4 {[%emt 0:00:04]} 38. a3 {[%emt 0:00:55]} g5 {[%emt 0:00:13]} 39. h3 {[%emt 0:00:42]} h5 {[%emt 0:00:14]} 40. Kd3 {[%emt 0:00:00]} Rxa5 {[%emt 0:00:00]} 41. Kc4 {[%emt 0:02:46]} Ra8 {[%emt 0:09:02]} 42. Kb3 {[%emt 0:00:20]} Rb8+ {[%emt 0:00:10]} 43. Ka2 {[%emt 0:00:06]} Ra8 {[%emt 0:01:30]} 44. Rc4 {[%emt 0:01:08]} Ke6 {[%emt 0:01:33]} 45. a4 {[%emt 0:01:38]} Kd5 {[%emt 0:00:51]} 46. Kb3 {[%emt 0:00:22]} f5 {[%emt 0:01:02]} 47. h4 {[%emt 0:07:53]} g4 {[%emt 0:03:11]} 48. Rf4 {[%emt 0:00:22]} Ke5 {[%emt 0:03:54]} 49. Kb4 {[%emt 0:00:21]} Rb8+ {[%emt 0:01:43]} 50. Kc5 {[%emt 0:00:09]} Ra8 {[%emt 0:01:41]} 51. Kb6 {[%emt 0:00:28]} Rb8+ {[%emt 0:00:29]} 52. Kc6 {[%emt 0:00:20]} Rc8+ {[%emt 0:03:05]} 53. Kb7 {[%emt 0:00:38]} Rc2 {[%emt 0:00:05]} 54. a5 {[%emt 0:00:19]} Rb2+ {[%emt 0:00:05]} 55. Kc6 {[%emt 0:00:56]} Ra2 {[%emt 0:00:10]} 56. Kb5 {[%emt 0:00:18]} Rb2+ {[%emt 0:00:04]} 57. Rb4 {[%emt 0:02:37]} Rxf2 {[%emt 0:00:06]} 58. a6 {[%emt 0:00:02]} Ra2 {[%emt 0:04:05]} 59. Ra4 {[%emt 0:00:21]} Rb2+ {[%emt 0:00:06]} 60. Ka5 {[%emt 0:00:05]} 1-0

[Event "13th Poti Nana Aleksandria Cup"]
[Site "Poti"]
[Date "2018.07.19"]
[Round "8"]
[White "Harutjunyan, Gevorg"]
[Black "Benidze, Davit"]
[Result "1/2-1/2"]
[WhiteElo "2418"]
[BlackElo "2487"]
[Annotator "TA"]
[PlyCount "84"]
[EventDate "2018.07.13"]
[EventType "swiss"]
[EventCountry "GEO"]
[SourceTitle "playchess.com"]
[Source "ChessBase"]
[SourceQuality "1"]

{[%evp 23,84,48,49,40,58,48,62,62,76,57,54,36,47,36,32,0,-3,-10,-15,0,-6,0,0,-49,-7,-48,-27,-25,0,-97,0,0,0,0,0,0,0,0,0,0,0,0,0,0,0,0,0,0,0,0,0,0,108,95,96,35,79,0,0,0,0,0,0]} 1. e4 c6 2. d4 g6 3. Nc3 Bg7 4. f4 d5 5. e5 Nh6 6. Nf3 O-O 7. Be3 Bg4 8. h3 Bxf3 9. Qxf3 f6 10. exf6 {B15: Caro-Kann (Flohr-Variante)} (10. Qe2 fxe5 11. dxe5 e6 12. O-O-O Nd7 13. h4 c5 14. Nb5 Nf5 15. Bf2 a6 16. Nc3 b5 17. g3 Qc7 {1-0 (51) Hracek,Z (2612)-Hamitevici,V (2487) Minsk 2017}) 10... exf6 11. g4 f5 12. O-O-O Nd7 {LiveBook: 8 Partien} 13. Kb1 Qe7 $146 ({Vorgänger:} 13... Nb6 14. Bd3 a5 15. Ne2 Qd7 16. Ng3 fxg4 17. hxg4 Qxg4 {0-1 (30) Kazakos,E (2132)-Enchev,I (2465) Paleochora 2016}) 14. Bd3 Rae8 15. Bc1 Qe6 {[%cal Rf5g4]} 16. Qg3 fxg4 17. hxg4 Qxg4 18. Qh2 {[#] Droht f5 und aus.} Nf6 19. f5 (19. Rdg1 $5 {[%cal Rg1g4]} Qd7 20. Rg5 $11) 19... Nxf5 20. Rdg1 Qxd4 {Weiss muss nun ...De5 beachten.} 21. Bxf5 gxf5 22. Ne2 Qe5 ({Viel schlechter ist} 22... Rxe2 23. Qxe2 Ng4 24. Qe6+ Kh8 25. Qd7 $16) 23. Qh6 {[%csl Gg1][%cal Rh6g7]} Rf7 24. Nf4 Kf8 25. Qh3 Ree7 26. Rf1 {[#]} (26. Qa3 $11) 26... Ke8 (26... Ne4 $1 $17 {[%cal Re4d2] zielt auf ...Sd2+! ab.} 27. Qa3 Qd6 28. Qxd6 Nxd6 29. Rxh7 Ke8) 27. Nd3 $11 Qe6 {Und weiter mit ...Se4 wäre nett.} 28. Rxf5 Ne4 29. Rxf7 Kxf7 30. Qxh7 Ke8 31. Qh2 Qd6 $1 32. Bf4 Qe6 33. Be3 Nc3+ 34. bxc3 Qxe3 35. Qb8+ Kf7 {Und ...Db6+ würde nun gewinnen.} 36. Rf1+ Bf6 $1 37. Qd6 Qg5 (37... Re6 $1 $11 38. Qd7+ Re7) 38. Qh2 b6 39. Nb4 (39. Qh3 $16) 39... Qe5 40. Qxe5 (40. Qh3 $16 Qe6 41. Qh6) 40... Rxe5 {Die Stellung ist ausgeglichen.} 41. Nxc6 Re3 42. Nb4 Re5 $1 {Precision: Weiß = 63%, Schwarz = 65%.} 1/2-1/2

[Event "13th Poti Nana Aleksandria Cup"]
[Site "Poti"]
[Date "2018.07.19"]
[Round "8"]
[White "Chkhaidze, Nikoloz"]
[Black "Gharagyozyan, Artur"]
[Result "1-0"]
[WhiteElo "2337"]
[BlackElo "2302"]
[Annotator "NA"]
[PlyCount "91"]
[EventDate "2018.07.13"]
[EventType "swiss"]
[EventCountry "GEO"]
[SourceTitle "playchess.com"]
[Source "ChessBase"]
[SourceQuality "1"]
[TimeControl "40/5400+30:1800+30"]

1. d4 {[%emt 0:00:00]} Nf6 {[%emt 0:08:33]} 2. c4 {[%emt 0:00:00]} e6 {[%emt 0:00:09]} 3. Nc3 {[%emt 0:00:00]} d5 {[%emt 0:00:24]} 4. Nf3 {[%emt 0:00:00]} c6 {[%emt 0:00:08]} 5. Bg5 {[%emt 0:00:07]} Nbd7 {[%emt 0:00:33]} 6. e3 {[%emt 0:00:04]} Qa5 {[%emt 0:00:47]} 7. Nd2 {[%emt 0:00:11]} dxc4 {[%emt 0:00:15]} 8. Bxf6 {[%emt 0:00:27]} Nxf6 {[%emt 0:00:07]} 9. Nxc4 {[%emt 0:00:28]} Qd8 {[%emt 0:00:14]} 10. Be2 {[%emt 0:02:52]} Nd5 {[%emt 0:01:15] D52: Queen's Gambit Declined: Cambridge Springs Variation} (10... Be7 11. O-O O-O 12. Bf3 Nd5 13. Rc1 Nxc3 14. Rxc3 Bf6 15. b4 Qe7 16. Qb3 e5 17. dxe5 Bxe5 18. Nxe5 Qxe5 {½-½ (38) Lubczynski,R (2418)-Butkiewicz,L (2462) Poronin 2017}) 11. O-O {[%emt 0:00:35]} Be7 {[%emt 0:01:02]} 12. Ne5 {[%emt 0:05:21]} O-O {[%emt 0:00:39]} 13. Rc1 {[%emt 0:00:21]} Bd6 {[%emt 0:00:45]} 14. Bd3 $146 {[%emt 0:03:42]} ({Predecessor:} 14. Ne4 Bxe5 15. dxe5 Qb6 16. Qd2 Rd8 17. Rfd1 Bd7 18. a3 Be8 19. Qc2 h6 20. Nd6 Kf8 21. Qc5 Qxc5 22. Rxc5 b6 23. Rc2 c5 {½-½ (23) Meyer,H (2305)-Hahner,A Potsdam 1997}) 14... Nxc3 {[%emt 0:04:16]} 15. Rxc3 {[%emt 0:00:21]} Bxe5 {[%emt 0:00:13]} 16. dxe5 {[%emt 0:00:26]} Qd5 {[%emt 0:00:37]} 17. Qb1 {[%emt 0:07:08]} Qxe5 {[%emt 0:02:14]} 18. Bxh7+ {[%emt 0:00:09]} Kh8 {[%emt 0:00:01]} 19. f4 {[%emt 0:04:12]} Qf6 {[%emt 0:01:22]} 20. Bc2 {[%emt 0:00:40]} g6 {[%emt 0:00:18]} 21. e4 {[%emt 0:01:28]} Kg7 {[%emt 0:02:43]} 22. e5 {[%emt 0:08:27]} Qe7 {[%emt 0:00:15] [#]} 23. Rg3 $1 {[%emt 0:01:34]} Qe8 $18 {[%emt 0:04:14]} 24. Rd1 {[%emt 0:06:36]} Rh8 {[%emt 0:04:06]} 25. Rd6 {[%emt 0:08:46]} Rh6 {[%emt 0:02:03]} 26. Qd1 {[%emt 0:06:21]} Qe7 {[%emt 0:00:34]} 27. h3 {[%emt 0:05:18]} Qc7 {[%emt 0:03:31]} 28. Kh2 {[%emt 0:01:05]} a5 {[%emt 0:09:44]} 29. Qd4 {[%emt 0:09:57]} c5 {[%emt 0:01:12]} 30. Qc3 {[%emt 0:07:00]} b5 {[%emt 0:00:03]} 31. Be4 {[%emt 0:01:52]} Ra6 {[%emt 0:02:03]} 32. f5 {[%emt 0:01:30]} exf5 {[%emt 0:06:35]} 33. e6+ {[%emt 0:00:14]} Kh7 {[%emt 0:06:35]} 34. Rxa6 {[%emt 0:00:37]} Bxa6 {[%emt 0:00:18]} 35. Bxf5 {[%emt 0:01:25]} fxe6 {[%emt 0:01:37]} 36. Bxe6 {[%emt 0:01:50]} Rh5 {[%emt 0:04:35]} 37. Qf6 {[%emt 0:00:50]} Qg7 {[%emt 0:00:38]} 38. Qf4 {[%emt 0:05:47]} Bb7 {[%emt 0:03:17]} 39. Bf7 {[%emt 0:06:22]} Be4 {[%emt 0:01:06]} 40. Re3 {[%emt 0:00:00]} Rf5 {[%emt 0:00:00]} 41. Bxg6+ {[%emt 0:06:59]} Qxg6 {[%emt 0:06:59]} 42. Qxe4 {[%emt 0:00:04]} Qd6+ {[%emt 0:01:21]} 43. Rg3 {[%emt 0:01:08]} Qf4 {[%emt 0:00:50]} 44. Qe8 {[%emt 0:05:52]} Qe5 {[%emt 0:03:44]} 45. Qg8+ {[%emt 0:00:11]} Kh6 {[%emt 0:00:05]} 46. Qg6# {[%emt 0:00:05]} 1-0

[Event "13th Poti Nana Aleksandria Cup"]
[Site "Poti"]
[Date "2018.07.19"]
[Round "8"]
[White "Matsenko, Andrei"]
[Black "Yeritsyan, Hayk"]
[Result "1/2-1/2"]
[WhiteElo "2299"]
[BlackElo "2178"]
[Annotator "NA"]
[PlyCount "44"]
[EventDate "2018.07.13"]
[EventType "swiss"]
[EventCountry "GEO"]
[SourceTitle "playchess.com"]
[Source "ChessBase"]
[SourceQuality "1"]
[TimeControl "40/5400+30:1800+30"]

1. Nf3 {[%emt 0:00:00]} Nf6 {[%emt 0:00:19]} 2. g3 {[%emt 0:00:00]} g6 {[%emt 0:00:19]} 3. b3 {[%emt 0:00:00]} Bg7 {[%emt 0:00:11]} 4. Bb2 {[%emt 0:00:00]} c5 {[%emt 0:00:49]} 5. c4 {[%emt 0:00:23]} O-O {[%emt 0:00:33]} 6. Bg2 {[%emt 0:00:32]} Nc6 {[%emt 0:01:33]} 7. O-O {[%emt 0:00:50]} d6 {[%emt 0:02:48]} 8. d4 {[%emt 0:01:43]} Ne4 {[%emt 0:25:06]} 9. Nbd2 {[%emt 0:07:06]} Nxd2 {[%emt 0:02:15]} 10. Qxd2 {[%emt 0:01:14]} Bg4 {[%emt 0:02:41]} 11. e3 {[%emt 0:03:01] LiveBook: 4 Games} a5 $146 {[%emt 0:02:15] A49: 1 d4 Nf6 2 Nf3 g6 3 g3: Anti-King's Indian systems} ({Predecessor:} 11... h6 12. h3 Bc8 13. Rad1 Qc7 14. d5 Nb8 15. e4 Nd7 16. Rfe1 Bxb2 17. Qxb2 Ne5 18. Nh2 g5 19. f4 {½-½ (32) Landa,K (2617)-Akash Pc,I (2300) Escaldes 2017}) 12. Ne1 {[%emt 0:07:08]} a4 {[%emt 0:04:22]} 13. d5 {[%emt 0:02:31]} Bxb2 {[%emt 0:00:52]} ({Lieber} 13... Qa5 $11 14. Qc1 Ne5) 14. Qxb2 {[%emt 0:00:06]} Na5 {[%emt 0:00:20]} 15. Nd3 {[%emt 0:02:37]} b5 {[%emt 0:05:14]} 16. cxb5 {[%emt 0:04:07]} axb3 $14 {[%emt 0:05:36]} 17. axb3 {[%emt 0:00:26]} Qb6 {[%emt 0:01:12]} 18. b4 {[%emt 0:06:52]} cxb4 {[%emt 0:04:31]} 19. Ra4 {[%emt 0:00:43]} Qxb5 {[%emt 0:03:41]} 20. Rxb4 {[%emt 0:00:10]} Qxd3 {[%emt 0:01:00]} 21. Rxg4 {[%emt 0:00:04]} Rfb8 {[%emt 0:00:57]} 22. Rb4 {[%emt 0:01:28]} Rxb4 {[%emt 0:00:05]} 1/2-1/2

[Event "13th Poti Nana Aleksandria Cup"]
[Site "Poti"]
[Date "2018.07.19"]
[Round "8"]
[White "Der Manuelian, Haik"]
[Black "Sattarov, Bobir"]
[Result "1/2-1/2"]
[WhiteElo "2242"]
[BlackElo "2328"]
[Annotator "NA"]
[PlyCount "123"]
[EventDate "2018.07.13"]
[EventType "swiss"]
[EventCountry "GEO"]
[SourceTitle "playchess.com"]
[Source "ChessBase"]
[SourceQuality "1"]
[TimeControl "40/5400+30:1800+30"]

1. e4 {[%emt 0:00:00]} e5 {[%emt 0:00:00]} 2. Nf3 {[%emt 0:00:00]} Nc6 {[%emt 0:00:17]} 3. Bb5 {[%emt 0:00:00]} a6 {[%emt 0:00:23]} 4. Ba4 {[%emt 0:00:00]} Nf6 {[%emt 0:03:39]} 5. O-O {[%emt 0:00:00]} Be7 {[%emt 0:00:04]} 6. Re1 {[%emt 0:00:03]} b5 {[%emt 0:00:11]} 7. Bb3 {[%emt 0:00:04]} d6 {[%emt 0:00:05]} 8. c3 {[%emt 0:00:03]} O-O {[%emt 0:00:05]} 9. h3 {[%emt 0:00:02]} Bb7 {[%emt 0:00:05]} 10. d4 {[%emt 0:00:50]} Re8 {[%emt 0:00:02]} 11. Nbd2 {[%emt 0:00:36]} Bf8 {[%emt 0:00:02]} 12. a4 {[%emt 0:02:39]} h6 {[%emt 0:04:25]} 13. Bc2 {[%emt 0:03:22]} exd4 {[%emt 0:03:09]} 14. cxd4 {[%emt 0:00:31]} Nb4 {[%emt 0:00:08]} 15. Bb1 {[%emt 0:00:35]} c5 {[%emt 0:00:06]} 16. d5 {[%emt 0:01:05]} Nd7 {[%emt 0:00:53]} 17. Ra3 {[%emt 0:01:13]} c4 {[%emt 0:11:27]} 18. Nd4 {[%emt 0:06:15]} Ne5 {[%emt 0:12:09]} (18... Qf6 $5 {[%cal Rf6d4]} 19. N2f3 Nc5 $11) 19. axb5 {[%emt 0:10:05]} axb5 {[%emt 0:01:36]} 20. Rxa8 $11 {[%emt 0:08:15] LiveBook: 18 Games} Qxa8 {[%emt 0:01:58]} 21. Nxb5 {[%emt 0:03:03]} Qa5 {[%emt 0:01:05]} 22. Nc3 {[%emt 0:07:42]} Ra8 {[%emt 0:00:59]} 23. Re3 {[%emt 0:04:52]} Ba6 {[%emt 0:09:20]} 24. Rg3 {[%emt 0:12:38]} g6 {[%emt 0:13:56]} 25. h4 {[%emt 0:05:09]} Nbd3 {[%emt 0:04:33]} 26. Nf1 {[%emt 0:14:54]} Qb6 {[%emt 0:03:58]} 27. Ne3 {[%emt 0:01:37]} h5 {[%emt 0:04:41]} 28. Qc2 {[%emt 0:08:47]} Bg7 {[%emt 0:01:42]} 29. Ncd1 {[%emt 0:03:58]} Kf8 {[%emt 0:09:35]} 30. Bd2 {[%emt 0:01:04]} Bf6 {[%emt 0:00:27]} 31. Bc3 {[%emt 0:01:50]} Bxh4 {[%emt 0:01:11]} 32. Rh3 {[%emt 0:00:01]} Bg5 {[%emt 0:00:23]} 33. g3 {[%emt 0:02:07]} Re8 {[%emt 0:07:11]} 34. Qe2 {[%emt 0:00:48]} Bc8 {[%emt 0:00:01]} 35. Rh1 {[%emt 0:00:17]} Nc1 {[%emt 0:04:01]} 36. Qf1 {[%emt 0:01:02]} Ba6 {[%emt 0:02:54]} 37. Kg2 {[%emt 0:00:19]} Ned3 {[%emt 0:00:30]} 38. f4 {[%emt 0:01:04]} Bd8 {[%emt 0:00:08]} 39. Qf3 {[%emt 0:00:49]} Nb3 {[%emt 0:01:20]} 40. Bxd3 {[%emt 0:00:00]} cxd3 {[%emt 0:00:00]} 41. f5 {[%emt 0:06:32]} Nd4 {[%emt 0:05:01]} 42. Bxd4 {[%emt 0:14:35]} Qxd4 {[%emt 0:00:04]} 43. fxg6 {[%emt 0:00:06]} Qxe4 {[%emt 0:00:16]} 44. Rxh5 {[%emt 0:04:52]} Qxf3+ {[%emt 0:05:20]} 45. Kxf3 {[%emt 0:00:02]} fxg6 {[%emt 0:00:10]} 46. Rh8+ {[%emt 0:00:02]} Kf7 {[%emt 0:00:07]} 47. Rxe8 {[%emt 0:00:07]} Kxe8 {[%emt 0:00:01]} 48. b3 {[%emt 0:02:45]} Ba5 {[%emt 0:07:26]} 49. Nb2 {[%emt 0:04:49]} Bb4 {[%emt 0:01:25]} 50. Nbc4 {[%emt 0:00:48]} Ke7 {[%emt 0:00:36]} 51. Ke4 {[%emt 0:01:33]} d2 {[%emt 0:00:01]} 52. Kd3 {[%emt 0:00:21]} Kf6 {[%emt 0:00:30]} 53. Kc2 {[%emt 0:00:18]} Bxc4 {[%emt 0:05:08]} 54. Nxc4 {[%emt 0:00:14]} Kf5 {[%emt 0:00:01]} 55. Nxd2 {[%emt 0:00:27]} Ke5 {[%emt 0:00:01]} 56. Kd3 {[%emt 0:01:15]} Kxd5 {[%emt 0:00:01]} 57. Nf3 {[%emt 0:00:20]} Ke6 {[%emt 0:05:44]} 58. g4 {[%emt 0:00:59]} Ba3 {[%emt 0:00:30]} 59. Ke4 {[%emt 0:00:27]} Bc5 {[%emt 0:01:35]} 60. Ng5+ {[%emt 0:00:20]} Kf6 {[%emt 0:00:13]} 61. Nf3 {[%emt 0:00:01]} Ke6 {[%emt 0:00:36]} 62. Ng5+ 1/2-1/2

[Event "13th Poti Nana Aleksandria Cup"]
[Site "Poti"]
[Date "2018.07.19"]
[Round "8"]
[White "Ghvamberia, Nika"]
[Black "Arabidze, Meri"]
[Result "1/2-1/2"]
[WhiteElo "2236"]
[BlackElo "2397"]
[Annotator "NA"]
[PlyCount "123"]
[EventDate "2018.07.13"]
[EventType "swiss"]
[EventCountry "GEO"]
[SourceTitle "playchess.com"]
[Source "ChessBase"]
[SourceQuality "1"]
[TimeControl "40/5400+30:1800+30"]

1. e4 {[%emt 0:00:00]} c5 {[%emt 0:00:00]} 2. Nf3 {[%emt 0:00:00]} e6 {[%emt 0:00:00]} 3. d4 {[%emt 0:00:00]} cxd4 {[%emt 0:00:00]} 4. Nxd4 {[%emt 0:00:03]} Nc6 {[%emt 0:00:00] LiveBook: 24426 Games} 5. Nc3 {[%emt 0:00:14]} a6 {[%emt 0:00:11]} 6. Nxc6 {[%emt 0:00:28]} bxc6 {[%emt 0:00:21]} 7. Bd3 {[%emt 0:00:04]} d5 {[%emt 0:00:56]} 8. O-O {[%emt 0:00:10]} Nf6 {[%emt 0:00:03]} 9. Re1 {[%emt 0:00:48]} Bb7 {[%emt 0:00:13]} 10. e5 {[%emt 0:07:48] B46: Sicilian: Taimanov: 5 Nc3 a6} Nd7 {[%emt 0:00:05]} 11. Qg4 {[%emt 0:03:59]} (11. Na4 Qc7 12. Qe2 c5 13. c4 d4 14. b3 Be7 15. Bf4 O-O 16. Bg3 a5 17. f4 Qc6 18. Qc2 g6 19. Nb2 {0-1 (39) Sanal,V (2533)-Berkes,F (2654) Minsk 2017}) 11... Qc7 {[%emt 0:03:24]} 12. Bf4 {[%emt 0:04:25]} c5 $146 {[%emt 0:04:42]} ({Predecessor:} 12... g6 13. Na4 c5 14. c4 d4 15. h4 Rc8 16. b3 h6 17. Nb2 Nb8 {0-1 (49) Zsirai,P (2195)-Tutisani,N (1978) Maribor 2012}) 13. b3 {[%emt 0:05:07]} g6 {[%emt 0:04:11]} 14. h4 {[%emt 0:06:50]} h5 {[%emt 0:02:46]} 15. Qg3 {[%emt 0:02:46]} Rg8 {[%emt 0:02:57]} (15... Be7 $11 {keeps the balance.}) 16. Na4 {[%emt 0:03:48]} (16. Nb1 $16) 16... Be7 {[%emt 0:05:41]} 17. c4 {[%emt 0:08:42]} d4 {[%emt 0:01:04]} 18. Be4 {[%emt 0:06:59]} Rb8 {[%emt 0:09:54]} 19. Nb2 {[%emt 0:02:20]} Qd8 {[%emt 0:08:17]} 20. Bxb7 {[%emt 0:04:29]} Rxb7 {[%emt 0:00:07]} 21. Bg5 {[%emt 0:00:05]} Bxg5 {[%emt 0:05:17]} 22. hxg5 {[%emt 0:02:43]} Qc7 {[%emt 0:02:58]} 23. Nd3 {[%emt 0:01:48]} a5 {[%emt 0:01:00]} 24. Rab1 {[%emt 0:01:59]} Ke7 {[%emt 0:01:44]} 25. Qf4 {[%emt 0:06:14]} Rgb8 {[%emt 0:03:22]} 26. Nb2 {[%emt 0:02:54]} Ke8 {[%emt 0:07:30]} 27. Rbd1 {[%emt 0:01:18]} Nb6 {[%emt 0:06:43]} 28. Nd3 {[%emt 0:05:45]} Qe7 {[%emt 0:05:06]} 29. Rc1 {[%emt 0:14:00]} Rc7 {[%emt 0:04:09]} 30. Rb1 {[%emt 0:02:37]} Nc8 {[%emt 0:04:39]} 31. Qd2 {[%emt 0:01:56]} Ra7 {[%emt 0:00:35]} 32. Rec1 {[%emt 0:00:54]} Qc7 {[%emt 0:02:19]} 33. Qf4 {[%emt 0:00:35]} Ne7 {[%emt 0:06:08]} 34. Qf6 {[%emt 0:01:23]} Nf5 {[%emt 0:00:20]} 35. Qh8+ {[%emt 0:00:42]} Ke7 {[%emt 0:00:49]} 36. Qf6+ {[%emt 0:00:02]} Ke8 {[%emt 0:00:11]} 37. Qh8+ {[%emt 0:00:02]} Kd7 {[%emt 0:03:24]} 38. Qf6 {[%emt 0:00:01]} Kc6 {[%emt 0:03:01]} 39. a3 {[%emt 0:01:09]} Rab7 {[%emt 0:00:48]} 40. b4 {[%emt 0:00:00]} axb4 {[%emt 0:00:00]} 41. axb4 {[%emt 0:02:02]} cxb4 {[%emt 0:01:17]} 42. Rb3 {[%emt 0:03:44]} Qe7 $11 {[%emt 0:10:54]} 43. Qxe7 {[%emt 0:10:28]} Nxe7 {[%emt 0:01:27]} 44. Ra1 {[%emt 0:00:07]} Rc7 {[%emt 0:10:02]} 45. Ra4 {[%emt 0:03:39]} Kd7 {[%emt 0:03:05]} 46. Rbxb4 {[%emt 0:01:18]} Rxb4 {[%emt 0:00:45]} 47. Rxb4 {[%emt 0:00:05]} Ra7 {[%emt 0:00:19]} 48. Kf1 {[%emt 0:00:39]} Kc7 {[%emt 0:01:35]} 49. Ke2 {[%emt 0:03:38]} Nc6 {[%emt 0:01:35]} 50. Rb5 {[%emt 0:04:22]} Ra3 {[%emt 0:00:13]} 51. g3 {[%emt 0:02:49]} Rc3 {[%emt 0:01:34]} 52. c5 {[%emt 0:00:25]} Ra3 {[%emt 0:01:07]} 53. Rb2 {[%emt 0:00:29]} Rc3 {[%emt 0:01:56]} 54. Rb5 {[%emt 0:00:47]} Ra3 {[%emt 0:02:36]} 55. Rb2 {[%emt 0:00:07]} Ne7 {[%emt 0:00:17]} 56. Rb4 {[%emt 0:00:52]} Nc6 {[%emt 0:02:27]} 57. Rb2 {[%emt 0:00:09]} Na5 {[%emt 0:00:20]} 58. Rb4 {[%emt 0:02:54]} Nc6 {[%emt 0:01:10]} 59. Rb2 {[%emt 0:00:01]} Rc3 {[%emt 0:00:37]} 60. Rb5 {[%emt 0:00:07]} Ra3 {[%emt 0:01:07]} 61. Rb2 {[%emt 0:00:02]} Rc3 {[%emt 0:00:16]} 62. Rb5 1/2-1/2